000 00443 a2200169 4500
999 _c29609
_d29609
003 NUST
005 20180118135954.0
008 180118b xxu||||| |||| 00| 0 eng d
020 _a8121908698
020 _a9788121908696
082 _a620.1064
100 1 _aRaisinghania, M.D.
_98775
245 1 0 _aFluid dynamics :
_bwith hydrodynamics /
_cM.D. Raisinghania.
250 _a5th ed.
260 _a[S.l.] :
_bS Chand & Co Ltd,
_c2003.
300 _a872 p.
700 _aRaisinghania, M.D.
_98775
942 _aSNS
_cBK
_k620.1064 RAI
_2ddc